Metódy kompilovania /

Gespeichert in:
Bibliographische Detailangaben
1. Verfasser: Hopgood, F.R.A (Verfasst von)
Format: Buch
Sprache:Slowakisch
Veröffentlicht: Bratislava : Alfa, 1973
Ausgabe:1. vyd.
Schriftenreihe:Edícia teoretickej literatúry
Tags: Tag hinzufügen
Keine Tags, Fügen Sie das erste Tag hinzu!

MARC

LEADER 00000nam a22000003a 4500
001 stu629
005 20150617225618.5
008 910612s1973----cs------------------slo-d
040 |a STU  |b slo 
041 0 |a slo 
044 |a cs 
080 |a 681.3 
100 1 |a Hopgood, F.R.A  |4 aut 
245 1 |a Metódy kompilovania /  |c [aut.] Hopgood,F.R.A 
250 |a 1. vyd. 
260 |a Bratislava :  |b Alfa,  |c 1973 
300 |a 168 s 
830 0 |a Edícia teoretickej literatúry 
996 |b 284IK06333  |c I*17C1668  |l II680  |s A  |a 24  |w stu629_0003 
996 |b 284EK05362  |c E*34269  |l EE0101  |s P  |a 0  |w stu629_0004 
996 |b 284V035063  |c V*8069/O-951a  |l VVS  |s A  |a 24  |w stu629_0005 
996 |b 284EK05361  |c E*31589  |l EE01  |s A  |a 24  |w stu629_0006 
996 |b E38844  |c I*38844  |l II680  |s A  |a 24  |w stu629_0007